00401nam a2200145 a 4500008004100000020001800041050001500059100002000074245004500094250001200139260005700151300002100208350001000229650001600239160302s2011 ||||||||||||||||| || u a9789380704852 aRD 731 Kak aKakkad, Subhash10aPractical orthopedicscBy Subhash Kakkad a2nd ed. aNew Delhi:bJaypee Brothers Medical publishersc2011 axii, 365p.: ill. a42.00 0aORTHOPEDICS